MARC

LEADER 00000cam a2200000 7i4500
001 0000002717
005 20031119.0
090 0 0 |a FAO634.9095495   |b ZUH 1997 
100 1 0 |a ZUHAIR   |h Mohamed 
245 1 0 |a Country report :   |b Maldives   |c by Mohamed Zuhair 
260 0 0 |a Rome :   |b Food and Agriculture Organization of the United Nations ,   |c 1997 
300 |a 7 p. ;   |c 30 cm. 
440 0 0 |a Asia-Pacific forestry sector outlook study working Paper series no. APFSOS/WP/30 
650 0 0 |a Forests and forestry   |z Maldives 
710 1 1 |a Food and Agriculture Organization of the United Nations (FAO) 
998 |a JPSM 
999 |a 0000004776   |b Monograph   |c Food and Agriculture Organization   |e Default branch 
999 |a 0000004777   |b Monograph   |c Food and Agriculture Organization   |e Default branch